DON BOSCO (Record n. 105353)
[ formato base ]
| 000 -LEADER | |
|---|---|
| fixed length control field | 02087agaaa2200313 4500 |
| 001 - CONTROL NUMBER | |
| control field | 5285 |
| 003 - CONTROL NUMBER IDENTIFIER | |
| control field | IT-RoPAU |
| 005 - DATE AND TIME OF LATEST TRANSACTION | |
| control field | 20220918181231.0 |
| 007 - PHYSICAL DESCRIPTION FIXED FIELD--GENERAL INFORMATION | |
| fixed length control field | d cvaizq |
| 008 - FIXED-LENGTH DATA ELEMENTS--GENERAL INFORMATION | |
| fixed length control field | 50131s9999||||xx ||| | || ||und|| |
| 040 ## - CATALOGING SOURCE | |
| Original cataloging agency | IT-RoPAU |
| Transcribing agency | IT-RoPAU |
| 041 ## - LANGUAGE CODE | |
| Language code of text/sound track or separate title | ITALIANO |
| 100 ## - MAIN ENTRY--PERSONAL NAME | |
| Personal name | Gasparini Ludovico |
| Miscellaneous information | Codice regista SPICS: 58001 |
| 9 (RLIN) | 40930 |
| 130 ## - MAIN ENTRY--UNIFORM TITLE | |
| Uniform title | DON BOSCO |
| 9 (RLIN) | 40931 |
| 245 ## - TITLE STATEMENT | |
| Title | DON BOSCO |
| Statement of responsibility, etc. | Prodotto da: Maggi P. Petrocchi F -- Sceneggiatura: Diana Graziano Panzarella Francesca Mazzotta Carlo -- Diretto da: Gasparini Ludovico |
| Name of part/section of a work | DON BOSCO (Rif. Codice opera principale : H5285) |
| 250 ## - EDITION STATEMENT | |
| Edition statement | Edizione Standard |
| 260 ## - PUBLICATION, DISTRIBUTION, ETC. (IMPRINT) | |
| Place of publication, distribution, etc. | (ITALIA) |
| Name of publisher, distributor, etc. | RAI FICTION - LUX VIDE - D&B PRODUCTION / Distribuzione: MULTIMEDIA SAN PAOLO |
| Date of manufacture | "2004 (1° ed.: 2005 ; Ed. Lingua Orig.: 2004)" |
| 300 ## - PHYSICAL DESCRIPTION | |
| Extent | DVD |
| Other physical details | sonoro, col. |
| Dimensions | 200 minuti |
| 508 ## - CREATION/PRODUCTION CREDITS NOTE | |
| Creation/production credits note | "Fotografia: Galasso Giovanni; Montaggio: Lucidi Alessandro; Musica: Frisina Marco; Sceneggiatura: Diana Graziano Panzarella Francesca Mazzotta Carlo; Scenografia: Germano Lino; " |
| 511 ## - PARTICIPANT OR PERFORMER NOTE | |
| Participant or performer note | "Insinna Flavio; Sastri Lina; Dance Charles; Finerty Ry; Michael; Tschirley Daniel" |
| 520 ## - SUMMARY, ETC. | |
| Summary, etc. | PARTENDO DA UN MOMENTO TRAGICO IN CUI DON BOSCO E' IN FIN DI VITA, IL RACCONTO RIPERCORRE TUTTE LE FASI SALIENTI DELLA SUA VITA, DALLE UMILI ORIGINI ALLA SCELTA DEL SACERDOZIO, DALL'IMPATTO CON LA REALTA' DEI RAGAZZI AFFAMATI, SBANDATI E PROSSIMI A DELINQUERE ALLA DECISIONE DI PRODIGARSI CON TUTTE LE FORZE PER AIUTARLI, DALLA CREAZIONE DEL PRIMO ORATORIO ALLA REALIZZAZIONE DELLA CASA-MADRE DELLA CONGREGAZIONE RELIGIOSA DEI SALESIANI, DALLE ACCUSE DI SOVVERSIONE A DAI CONTRASTI CON L'ARISTOCRAZIA E CON LA CHIESA UFFICIALE AL BENEVOLO INTERESSAMENTO DI PIO IX... |
| 538 ## - SYSTEM DETAILS NOTE | |
| System details note | PAL, STEREO |
| 546 ## - LANGUAGE NOTE | |
| Language note | ITALIANO |
| 650 ## - SUBJECT ADDED ENTRY--TOPICAL TERM | |
| Topical term or geographic name as entry element | DRAMMA - BIOGRAF |
| Relator term | DVD-FILM [DVD] |
| General subdivision | Codice MATERIA SPICS: 9947 |
| 9 (RLIN) | 40932 |
| 700 ## - ADDED ENTRY--PERSONAL NAME | |
| Personal name | Diana Graziano |
| Relator term | (soggetto) |
| Miscellaneous information | Codice Soggetto SPICS: 25343 |
| 9 (RLIN) | 40933 |
| 700 ## - ADDED ENTRY--PERSONAL NAME | |
| Personal name | Frisina Marco |
| Relator term | (musica) |
| Miscellaneous information | Codice Musica SPICS: 38406 |
| 9 (RLIN) | 40934 |
| 700 ## - ADDED ENTRY--PERSONAL NAME | |
| Personal name | Gasparini Ludovico |
| Relator term | (regista) |
| Miscellaneous information | Codice regista SPICS: 58001 |
| 9 (RLIN) | 40935 |
| 942 ## - ADDED ENTRY ELEMENTS (KOHA) | |
| Koha item type | DVD |
| Source of classification or shelving scheme | Dewey Decimal Classification |
| Withdrawn status | Lost status | Damaged status | Not for loan | Home library | Current library | Date acquired | Total Checkouts | Full call number | Date last seen | Price effective from | Koha item type | Public note |
|---|---|---|---|---|---|---|---|---|---|---|---|---|
| Buone Condizioni | Not For Loan | SPICS-MEDIATECA | SPICS-MEDIATECA | 31/01/2015 | H5285 | 31/01/2015 | 31/01/2015 | DVD | Progr. Ins.: 3247 / N.Vol.:1 / Copie: 1 / Pag.:0 / Copia rara: n.d. / date import: 1.2.2015 / By Epidotti, Trombetti, Vaglietti |